PRESENTING JAVA (Record no. 216804)

MARC details
000 -LEADER
fixed length control field 00461nam a22001697a 4500
008 - FIXED-LENGTH DATA ELEMENTS--GENERAL INFORMATION
fixed length control field 260306b |||||||| |||| 00| 0 eng d
020 ## - INTERNATIONAL STANDARD BOOK NUMBER
International Standard Book Number 1-57521-039-8
050 ## - LIBRARY OF CONGRESS CALL NUMBER
Classification number QA 76.73 .J38 D43 1995
100 ## - MAIN ENTRY--PERSONAL NAME
Personal name DECEMBER, JOHN.
245 ## - TITLE STATEMENT
Title PRESENTING JAVA
260 ## - PUBLICATION, DISTRIBUTION, ETC.
Place of publication, distribution, etc. INDIANAPOLIS,
Name of publisher, distributor, etc. SAMS NET,
Date of publication, distribution, etc. 1995.
300 ## - PHYSICAL DESCRIPTION
Extent xii, 207 p, ILL.
500 ## - GENERAL NOTE
General note INCLUDES INDEX.
650 ## - SUBJECT ADDED ENTRY
Topical term or geographic name entry element JAVA (COMPUTER PROGRAMME LANGUAGE)
942 ## - ADDED ENTRY ELEMENTS (KOHA)
Source of classification or shelving scheme Library of Congress Classification
Koha item type Long Loan Book
Holdings
Withdrawn status Lost status Source of classification or shelving scheme Damaged status Not for loan Collection Home library Current library Shelving location Date acquired Inventory number Total checkouts Full call number Barcode Date last seen Copy number Price effective from Koha item type
    Library of Congress Classification     Science & Technology Kisii University Library Kisii University Library On Display 03/06/2026 112135   QA 76.73 .J38 D43 1995 A000814 03/06/2026 1 03/06/2026 Long Loan Book